| 000 | 01023nam a22002657a 4500 | ||
|---|---|---|---|
| 005 | 20170919165256.0 | ||
| 008 | 170919b xxu||||| |||| 00| 0 eng d | ||
| 010 | _aENG-120814-815 | ||
| 020 |
_a9788131251669(vol-1) _c4595.00 (Set Price) |
||
| 020 |
_a9788131251669(vol-2) _c4595.00 (Set Price) |
||
| 035 | _aEN-104346-347 | ||
| 037 | _bDBAD/PUB | ||
| 082 | _a343.42078624 | ||
| 100 | _aMarkanda, P.C. | ||
| 245 |
_aP.C.Markanda building & engineering contracts : _cby P.C.Markanda _blaw & practice / |
||
| 250 | _a5th ed.by Naresh Markanda [and] Rajesh Markanda | ||
| 260 |
_aGurgaon _bLexisnexis _c2017 |
||
| 270 |
_a14th Floor, Building No. 10, Tower-B, DLF Cyber city, Phase-II _bGurgaon _e122002 |
||
| 300 |
_a2- vols-(cIxxxviii,1-1026p. [56p.] ; cIxxxviii,1027-1871p.[56p.]) _c24cm (Hb) |
||
| 500 | _aIncludes index | ||
| 505 | _aV.1 Chap.1 to 14 ; V.2 Chap.15 to end & Appendix | ||
| 700 | _aMarkanda, Naresh | ||
| 700 | _aMarkanda, Rajesh | ||
| 942 |
_2ddc _cEN _mMAR _h343.42078624 |
||
| 999 |
_c145011 _d145011 |
||